|
|
|
|
| LEADER |
00000cam a2200000 a 4500 |
| 001 |
vtls010309402 |
| 003 |
SK-MaSNL |
| 005 |
20260301132048.0 |
| 008 |
240313s2011 xo la b p 000 0 slo |
| 015 |
|
|
|a SNBA2011/01-00019
|
| 020 |
|
|
|a 9788007019492
|q (brož.)
|
| 035 |
|
|
|a 67E92B6A-26C3-43C7-A975-00965A708772
|
| 035 |
|
|
|a urn:nbn:sk:snk-amkxcf
|
| 035 |
|
|
|a urn:nbn:sk:snk-am008276
|
| 040 |
|
|
|a SNK
|b slo
|c SNK
|e AACR2
|
| 041 |
0 |
|
|a slo
|
| 044 |
|
|
|a xo
|c SK
|
| 072 |
|
7 |
|a 28
|x Čítanie
|2 konspekt
|
| 072 |
|
7 |
|a 37.016
|x Učebné osnovy. Vyučovacie predmety. Učebnice
|2 konspekt
|
| 080 |
|
|
|a 811.162.4
|2 2001
|
| 080 |
|
|
|a 37.016:028-028.31
|2 2001
|
| 080 |
|
|
|a 028.1
|2 2001
|
| 080 |
|
|
|a (075.2)
|2 2001
|
| 080 |
|
|
|a (076.1)
|2 2001
|
| 100 |
1 |
|
|a Lampartová, Terézia
|4 aut
|9 302895
|
| 245 |
1 |
0 |
|a Úlohy na rozvíjanie čitateľskej gramotnosti žiakov 2. ročníka základných škôl
|c Terézia Lampartová
|
| 250 |
|
|
|a 1. vyd.
|
| 260 |
|
|
|a Bratislava
|b Príroda
|c 2011
|
| 300 |
|
|
|a 64 s.
|b ilustr., tab.
|c 29 cm
|
| 504 |
|
|
|a Bibliogr. s. 64
|
| 650 |
0 |
7 |
|a slovenčina
|2 SNKPH
|9 1350
|
| 650 |
0 |
7 |
|a čítanie
|2 SNKPH
|9 1654
|
| 650 |
0 |
7 |
|a čitateľská gramotnosť
|2 SNKPH
|9 69767
|
| 650 |
0 |
7 |
|a Slovak language
|2 SNKPHeng
|9 266031
|
| 650 |
0 |
7 |
|a Reading
|2 SNKPHeng
|9 276976
|
| 650 |
0 |
7 |
|a Reader's literacy
|2 SNKPHeng
|9 125488
|
| 655 |
|
7 |
|a učebnice základných škôl
|2 SNKPH
|9 70187
|
| 655 |
|
7 |
|a pracovné listy
|2 SNKPH
|9 70565
|
| 655 |
|
7 |
|a Textbooks (elementary)
|2 SNKPHeng
|9 276977
|
| 655 |
|
7 |
|a Activity books
|2 SNKPHeng
|9 302885
|
| 852 |
|
|
|a Štátna vedecká knižnica v Banskej Bystrici
|
| 919 |
|
|
|a 978-80-07-01949-2
|
| 958 |
|
|
|a NB
|
| 968 |
|
|
|d 37
|
| 999 |
|
|
|c 749949
|d 751879
|
| 952 |
|
|
|a SNK
|b SNK
|y PREZ
|7 0
|p 17A0716638
|o snkSB 82008
|i snk2011/19796
|8 0
|0 0
|1 0
|4 0
|d 2011-09-23
|f 1
|l 0
|r 2025-05-06 00:00:00
|w 2026-02-23
|
| 952 |
|
|
|a SNK
|b SNK
|y VYP
|7 0
|p 17A0716639
|o snkSB 82008 D1
|i snk2011/19797
|8 0
|0 0
|1 0
|4 0
|d 2011-09-23
|l 0
|r 2016-06-30 00:00:00
|w 2026-02-23
|